Responses for Show #4968 - Wednesday, March 29, 2006

Contestants

[<< previous game]

Dustin Burke, a graduate student from Philadelphia, Pennsylvania

Ed Lewis, an attorney from Los Angeles, California

Ben Goggins, a retired marine biologist from Tybee Island, Georgia (whose 1-day cash winnings total $25,000)

[next game >>]

Jeopardy! Round responses

LITERATURE
LET THE GAMES BEGIN
LANDMARK'S THE SPOT
THAT'S WHAT I LIKE ABOUT THE SOUTH
INTO THE "WOOD"s
(Alex: And finally--we'll give his role. You name the film for...)
BRANDO
    $200 16
The Scarlet Letter

Ben
    $200 21
blackjack

Dustin
    $200 26
the Golden Gate Bridge

Ben
    $200 11
y'all

Ben
    $200 6
Woody Woodpecker

Dustin
    $200 1
The Godfather

Ed
    $400 17
Hans Christian Andersen

Triple Stumper
    $400 22
Boardwalk

Ben
    $400 27
(Alex: Yeah. Mount Rushmore--a lot of noses, big ones.)

South Dakota

Ben
    $400 12
Baton Rouge

Ed
    $400 7
Woodstock

Dustin
    $400 2
On the Waterfront

Ben
    $600 18
H.G. Wells

Dustin
    $600 23
bingo

Ben
    $600 28
Poets' Corner

Ben
    $600 13
the Belle

Triple Stumper
    $600 8
a woodchuck

Ben
    $600 3
A Streetcar Named Desire

Ed
    $800 19
Pearl Buck

Ben
    $800 24
backgammon

Dustin
    $800 29
Saint Basil

Dustin
    $800 14
Wild Turkey

Ed
    $800 9
woodwinds

Ed
    $800 4
Apocalypse Now

Ed
    $1000 20
a mushroom

Ben
    $1000 25
graces

Triple Stumper
    $1000 30
(Alex: Yes. The Gateway Arch in St. Louis.)

Eero Saarinen

Dustin
    $1000 15
(Alex: The [*] Trace.)

Natchez

Ben
    $1000 10
Bob Woodward

Ed
    $500 5
(Ed: What is The Wild Ones?)
(Alex: The Wild [Applause begins]--no. No. Sorry. [Applause cuts off] It's [*]. You pluralized it. He was [*]. Motorcycle flick.)

The Wild One

Ed

Scores at the first commercial break (after clue 15):

Ben Ed Dustin
$2,200 $4,100 $600

Scores at the end of the Jeopardy! Round:

Ben Ed Dustin
$6,400 $4,100 $4,000

Double Jeopardy! Round responses

NEWS ON THE MARCH
MUSIC/TELEVISION
TREES & SHRUBS
RHYME TIME FOOD & DRINK
LARCENY DELL'ARTE
BRAND-O
(Alex: Each correct response will end in the letter O.)
    $400 11
Alexander Graham Bell

Dustin
    $400 16
Miami Vice

Ed
    $400 6
cherry trees

Ben
    $400 21
funny honey

Dustin
    $400 26
Van Gogh

Dustin
    $400 1
Crisco

Dustin
    $800 12
Puerto Rico

Ben
    $800 17
Catwoman

Ben
    $800 7
the cypress

Ben
    $800 22
a grape crêpe

Dustin
    $800 28
Goya

Dustin
    $800 2
the Zippo

Ed
    $1200 13
NATO

Ben
    $1200 18
Reba McEntire

Dustin
    $2,000 8
deciduous

Ben
    $1200 23
near beer

Dustin
    $1200 30
Rembrandt

Dustin
    $1200 3
Alpo

Ben
    $2,000 14
(Ben: Who is James I?)

Charles I

Ben
    $1600 19
(Ed: Uh, who is LL Cool J?)

The Surreal Life

Ed
Triple Stumper
    $1600 9
a pussy willow

Dustin
    $1600 24
a bitter fritter

Triple Stumper
    $1600 27
Fra Angelico

Ben
    $1600 4
Geo

Ben
    $2000 15
(Dustin: Who was Robert McNamara?)

Dean Rusk

EdDustin
    $2000 20
The Larry Sanders Show

Triple Stumper
    $2000 10
the rhododendron

Triple Stumper
    $2000 25
a liver sliver

Ben
    $2000 29
(Pierre-Auguste) Renoir

Ben
    $2000 5
Speedo

Ben

Scores at the end of the Double Jeopardy! Round:

Ben Ed Dustin
$20,800 $5,700 $10,400
(lock-tie game)

[wagering suggestions for these scores]

Final Jeopardy! Round responses

20th CENTURY THEATER
(Alex: [After Dustin's response is revealed] The absurdist play by Samuel Beckett.)
EdWhat is Death of a Salesman
$500
DustinWhat is Waiting for Godot?
$1,001
BenWhat is Waiting for Godot?
$1,000
Waiting for Godot

Final scores:

Ben Ed Dustin
$21,800 $5,200 $11,401
2-day champion: $46,800 3rd place: $1,000 2nd place: $2,000

Game dynamics:

Coryat scores:

Ben Ed Dustin
$22,000 $6,200 $10,400
24 R
(including 1 DD),
1 W
(including 1 DD)
10 R,
2 W
(including 1 DD)
17 R,
1 W

Combined Coryat: $38,600

[game clues] [game scores] [suggest correction]

Game tape date: 2006-03-07
The J! Archive is created by fans, for fans. Scraping, republication, monetization, and malicious use prohibited; this site may use cookies and collect identifying information. See terms. The Jeopardy! game show and all elements thereof, including but not limited to copyright and trademark thereto, are the property of Jeopardy Productions, Inc. and are protected under law. This website is not affiliated with, sponsored by, or operated by Jeopardy Productions, Inc. Join the discussion at JBoard.tv.